00479nam a2200157 a 4500008004100000020001900041050001500060100002100075245007800096250001700174260002600191260004400217300003000261350001000291700002000301190711s2015 ||||||||||||||||| || u a9781292060545  aTK 454 Nil aNilsson, James W10aElectric circuits. (10th edition.)cBy James W. Nilsson, Susan A. Riedel. a10th edition aBostonbPearsonc2015 aBostonbPearson Education Limitedc2015 a814 pages : illustrations a74.97 aRiedel, Susan A